| 000 | 00378 a2200169 4500 | ||
|---|---|---|---|
| 001 | 157389 | ||
| 020 | _a978-85-66653-61-8 | ||
| 040 | _cEscola São Tomás de Aquino | ||
| 100 | _aSimone Pedersen | ||
| 240 | 1 | 0 |
_aQuantos elefantes? _l |
| 245 | 1 | 0 | _aQuantos elefantes? |
| 300 | _a32 | ||
| 362 | 0 | _a2019 | |
| 440 | 1 | _aBaobá | |
| 697 | _a*LITERATURA INFANTIL | ||
| 942 | _cBK | ||
| 999 |
_c157389 _d157389 |
||